| 000 | 00412nam a22001697a 4500 | ||
|---|---|---|---|
| 003 | OSt | ||
| 005 | 20211122101202.0 | ||
| 008 | 211122b |||||||| |||| 00| 0 eng d | ||
| 020 | _a0070367337 | ||
| 040 | _chu | ||
| 082 | _a420 | ||
| 100 |
_aLawry John D _919675 |
||
| 245 |
_aCollege101 _bA Freshman Reader |
||
| 260 |
_aNew York _bMcGraw Hill _c1992 |
||
| 300 |
_axv, 316 p _bpc _c25 cm |
||
| 942 |
_2ddc _cBOOKS _n0 |
||
| 999 |
_c19388 _d19388 |
||